| 000 | 01527nam0a2200349 4500 | ||
|---|---|---|---|
| 001 | RU\NLR\bibl\1932995 | ||
| 005 | 20260405164849.0 | ||
| 010 |
_a978-5-389-02506-6 _95000 |
||
| 021 |
_aRU _b2012-51837 _93786 |
||
| 021 |
_aRU _b2013-46004 _93196 |
||
| 035 | _a(NLR Aleph) 001922338 | ||
| 090 |
_a3323231 _c3323231 |
||
| 100 | _a20120809d2012 |||y0rusy50 ca | ||
| 101 | 1 |
_arus _cfre |
|
| 102 | _aRU | ||
| 105 | _aa ||||||||| | ||
| 200 | 1 |
_aИндейцы и ковбои _e[для детей младшего школьного возраста _fавт. текста Филипп Симон, Мари-Лор Буэ _gред. Ирина Шадрина _gпер. с фр. Татьяна Земцова] |
|
| 210 |
_aМосква _cМахаон _d2012 |
||
| 215 |
_a125, [2] с. _cцв. ил. _d23 |
||
| 225 | 1 | _aТвоя первая энциклопедия | |
| 320 | _aУказ. в конце кн. | ||
| 606 | 1 |
_aИндейцы _jЭнциклопедии для детей _9966076 _3RU\NLR\auth\6642715 |
|
| 606 | 1 |
_aКовбои _jЭнциклопедии для детей _92287502 _3RU\NLR\auth\661370143 |
|
| 686 |
_aШ9 _bТ3(7) |
||
| 702 | 1 |
_4220 _8rus _7ca _aСимон _bФ. _gФилипп _3RU\NLR\auth\7750886 _933820 |
|
| 702 | 1 |
_4340 _8rus _7ca _aШадрина _bИ. _cредактор изд-ва _gИрина _3RU\NLR\auth\7770763 _953691 |
|
| 801 | 0 |
_aRU _bNLR _c20120809 _gRCR |
|
| 801 | 1 |
_aRU _bNLR _c20120809 |
|
| 942 | _cBOOK | ||
| 980 | _aNB | ||